000 00582nam a2200205Ia 4500
005 20250508154733.0
008 008 250505s9999 xx 000 0 eng d
037 _aBooks to be hide in OPAC
040 _aFEDL
_beng
_cFEDL
041 _aeng
_2eng
084 _a001.42, DAS
_qFEDL
100 _aDasgupta Sugata Ed.
_9396819
245 0 _aMethodology of social science research
260 _aNew Delhi, India
_bImpex India
_c1967
300 _a172p.
365 _aINR
_b16
650 _aResearch Methods
942 _cHB
_h001.42, DAS
999 _c1351887
_d1351887